000 00547nam a2200181Ia 4500
005 20250508153025.0
008 008 250505s9999 xx 000 0 eng d
037 _aTextual
040 _aFEDL
_beng
_cFEDL
041 _aeng
_2eng
084 _a677.954, SAR
_qFEDL
100 _aSaraswati S K
245 0 _aIndian textiles
245 0 _cGovernment of India. Ministry of Information and Broadcasting
260 _aFaridabad, India
_bGovernment of India Press
_c1961
942 _cTEXL
_h677.954, SAR
999 _c1340215
_d1340215